Mary, come home! / (Record no. 1789)

MARC details
000 -LEADER
fixed length control field 01030nam a2200313 a 4500
001 - CONTROL NUMBER
control field 917817
003 - CONTROL NUMBER IDENTIFIER
control field GBCCL
005 - DATE AND TIME OF LATEST TRANSACTION
control field 20241126110409.0
008 - FIXED-LENGTH DATA ELEMENTS--GENERAL INFORMATION
fixed length control field 850116s1982 tnuc 000 0aeng
010 ## -
-- 82071445
020 ## - INTERNATIONAL STANDARD BOOK NUMBER
International Standard Book Number 0805463305 (pbk.)
040 ## - CATALOGING SOURCE
Original cataloging agency DLC
Transcribing agency DLC
Modifying agency DLC
043 ## -
-- n-us---
-- n-cn-on
050 00 -
-- BX6493
-- .B76 1982
082 00 - DEWEY DECIMAL CLASSIFICATION NUMBER
Classification number 266.0092
-- 266.61320924
-- B
Edition information 19
Item number BUL
100 1# - MAIN ENTRY--PERSONAL NAME
Personal name Bullis, Mary A.
Fuller form of name (Mary Alice)
9 (RLIN) 3701
245 10 - TITLE STATEMENT
Title Mary, come home! /
Statement of responsibility, etc. Mary A. Bullis.
260 ## - PUBLICATION, DISTRIBUTION, ETC.
Place of publication, distribution, etc. Nashville, Tenn. :
Name of publisher, distributor, etc. Broadman Press,
Date of publication, distribution, etc. c1982.
300 ## - PHYSICAL DESCRIPTION
Extent 115 p. :
Other physical details 2 ports ;
Dimensions 21 cm.
500 ## - GENERAL NOTE
General note Illustrations on cover.
600 10 - SUBJECT ADDED ENTRY--PERSONAL NAME
Personal name Bullis, Mary A.
Fuller form of name (Mary Alice)
9 (RLIN) 3701
600 10 - SUBJECT ADDED ENTRY--PERSONAL NAME
Personal name Bullis, Jim.
9 (RLIN) 3702
650 #0 - SUBJECT ADDED ENTRY--TOPICAL TERM
Topical term or geographic name entry element Baptists
Geographic subdivision United States
General subdivision Biography.
9 (RLIN) 3703
650 #0 - SUBJECT ADDED ENTRY--TOPICAL TERM
Topical term or geographic name entry element Baptists
Geographic subdivision Ontario
General subdivision Biography.
9 (RLIN) 3704
650 #0 - SUBJECT ADDED ENTRY--TOPICAL TERM
Topical term or geographic name entry element Missionaries
Geographic subdivision United States
General subdivision Biography.
9 (RLIN) 3705
650 #0 - SUBJECT ADDED ENTRY--TOPICAL TERM
Topical term or geographic name entry element Missionaries
Geographic subdivision Ontario
General subdivision Biography.
9 (RLIN) 3706
906 ## - LOCAL DATA ELEMENT F, LDF (RLIN)
a 7
b cbc
c orignew
d 3
e opcn
f 19
g y-gencatlg
942 ## - ADDED ENTRY ELEMENTS (KOHA)
Source of classification or shelving scheme Dewey Decimal Classification
Koha item type Books
Koha issues (borrowed), all copies 1
Holdings
Withdrawn status Lost status Source of classification or shelving scheme Damaged status Not for loan Home library Current Library Shelving location Date acquired Total checkouts Full call number Barcode Date last seen Date last checked out Copy number Price effective from Koha item type
    Dewey Decimal Classification     GRACE BIBLE COLLEGE GRACE BIBLE COLLEGE Ministry & Mission 2017-05-25 1 266.0092 BUL 008663 2025-05-01 2024-09-03 c.1 2017-05-25 Books
© Grace Bible College Library 2025